000 00818nam a2200229 a 4500
001 39053
003 BD-RjUL
005 20211209052916.0
008 160404s1996 bg ||||e |||| 000 0 ben d
020 _cTK.80.00
035 _a(BD-RjUL) 39164
040 _aBD-RjUL
_bben
_cBD-RjUL
041 _aben
082 _223
_a790.5492
_bISA 1996
100 _aইসলাম, সৈয়দ মহিদুল
_9120547
245 1 0 _aঅভিনয় /
_cসৈয়দ মহিদুল ইসলাম
260 _aঢাকা :
_bবাংলাদেশ শিল্পকলা একাডেমি,
_c১৯৯৬.
300 _a৬৪ পৃ. :
_bচিত্র ;
_c২৩ সেমি.
650 _aবাংলা প্রবন্ধ
_9120548
650 _aBangla Essays
_9120549
942 _2ddc
_cBK
999 _c39053
_d39053